000
00342nam a22001457a 4500
008
210311b ||||| |||| 00| 0 eng d
020
_a
013314724-x
041
_a
eng
080
_a
330.722.6
082
_a
330.722.6
100
_a
62
101
_a
KF
245
_a
Financial Accounting Principles and Issues
_c
Granof,M.C
942
_2
udc
_c
BK
999
_c
56344
_d
56344